[Event "Tal Memorial"]
[Site "Moscow RUS"]
[Date "2006.11.11"]
[Round "5"]
[White "Aronian, L."]
[Black "Leko, P."]
[Result "1/2-1/2"]
[WhiteElo "2741"]
[BlackElo "2741"]
[PlyCount "54"]
[EventDate "2006.11.06"]

1. d4 Nf6 2. c4 e6 3. Nf3 b6 4. g3 Ba6 5. Qc2 c5 6. d5 exd5 7. cxd5 Bb7 8. Bg2
Nxd5 9. O-O Be7 10. Rd1 Nc6 (10... Qc8 11. a3 Nf6 12. Nc3 d5 13. Bg5 d4 14.
Bxf6 gxf6 15. Ne4 O-O 16. Rac1 Qe6 17. Nh4 Bc6 18. Nd2 Bxg2 19. Nxg2 Bd6 20.
Nf3 Nc6 21. e3 Ne5 22. Nfh4 Rac8 23. Nf4 Qg4 24. h3 Qd7 25. Nh5 Qxh3 26. Qf5
Qxf5 27. Nxf5 Rfd8 28. exd4 Nf3+ 29. Kg2 Nxd4 30. Nxf6+ Kf8 31. Nxh7+ Kg8 32.
Nf6+ Kf8 33. Rxd4 cxd4 34. Rh1 {
1-0 Rodshtein,M (2517)-Pashikian,A (2527)/Yerevan 2006}) 11. Qf5 Nf6 12. e4 g6
13. Qf4 O-O 14. e5 Nh5 15. Qh6 Nd4 16. Nxd4 Bxg2 17. Kxg2 cxd4 18. g4 Rc8 19.
Rxd4 (19. gxh5 g5 {with the threat of 20...Rc6, trapping the white queen.
Black has gained the advantage.}) 19... Ng7 20. Nc3 f5 21. Qd2 Bc5 22. Rxd7 Qh4
23. Nd5 Qxg4+ 24. Kf1 Qh3+ 25. Kg1 Qg4+ 26. Kf1 Qh3+ 27. Kg1 Qg4+ 1/2-1/2

[Event "Tal Memorial"]
[Site "Moscow RUS"]
[Date "2006.11.11"]
[Round "5"]
[White "Grischuk, A."]
[Black "Mamedyarov, S."]
[Result "1/2-1/2"]
[WhiteElo "2710"]
[BlackElo "2728"]
[PlyCount "68"]
[EventDate "2006.11.06"]

1. e4 e5 2. Nf3 Nc6 3. Bb5 a6 4. Ba4 Nf6 5. O-O Be7 6. Re1 b5 7. Bb3 d6 8. c3
O-O 9. h3 Nb8 10. d4 Nbd7 11. Nbd2 Bb7 12. Bc2 Re8 13. Nf1 Bf8 14. Ng3 g6 15.
b3 d5 16. Bg5 h6 17. Bh4 g5 18. Nxg5 hxg5 19. Bxg5 exd4 20. e5 Rxe5 21. Rxe5
Nxe5 22. cxd4 Nc6 23. Qd3 (23. Nh5 Be7 24. Bxf6 Bxf6 25. Qd3 Kf8 26. Qh7 Bxd4
27. Qh6+ Ke8 28. Re1+ Ne5 29. Bf5 Qd6 30. Qg5 c5 31. Nf6+ Kd8 32. Nxd5+ Ke8 33.
Nf6+ Kd8 34. Nd5+ {1/2-1/2 Shirov,A (2720)-Mamedyarov,S (2728)/Moscow RUS 2006}
) 23... Nb4 24. Qf3 Be7 25. Bb1 Bc8 26. Qf4 Ne4 27. Bxe7 Qxe7 28. a3 Nc6 29.
Bxe4 (29. Nxe4 dxe4 30. Bxe4 Nxd4 31. Qg3+ Kf8 32. Qe3 Nf5 33. Qf4 Rb8 34. Bxf5
Qd6 35. Qh4 Qe5 (35... Bxf5 36. Qh8+ Ke7 37. Qxb8) 36. Qd8+ Kg7 37. Rd1 Qxf5
38. Qxc7 Ra8 39. Rd8 Qf6 40. Qg3+ (40. Rxc8 Rxc8 41. Qxc8 Qa1+ 42. Kh2 Qxa3 43.
Qc3+) 40... Kh7 41. Rg8) 29... dxe4 30. Nh5 Qd6 31. Nf6+ Kf8 32. Qh6+ Ke7 33.
Ng8+ Ke8 34. Nf6+ Ke7 1/2-1/2